| 000 | 00401nam a2200157Ia 4500 | ||
|---|---|---|---|
| 008 | 151213s9999 xx 000 0 und d | ||
| 020 | _a99479311 | ||
| 100 | _aWilliam Faulkner | ||
| 245 |
_aAn I Lay Dying _cWilliam Faulkner |
||
| 260 |
_aLondon _bVintage _c1935 |
||
| 300 | _a8625 p. | ||
| 650 | _aEnglish Literature | ||
| 650 | _aEnglish Literature | ||
| 700 | _aWilliam Faulkner | ||
| 999 |
_c4415 _d4415 |
||